LEADER 01005nam0-22003251i-450- 001 990000964550403321 035 $a000096455 035 $aFED01000096455 035 $a(Aleph)000096455FED01 035 $a000096455 100 $a20000920d1964----km-y0itay50------ba 101 0 $afra 200 1 $aCohomologie des éspaces localement compacts$eExposés faits au Séminaire de Topologie Algébrique de l'Ecole Polytechnique Fédérale au printemps 1951$fArmand Borel 205 $a3ème ed. 210 $aBerlin [etc.]$cSpringer-Verlag$d1964 225 1 $aLecture Notes in Mathematics$v2 610 0 $aAnalisi funzionale 610 0 $aAlgebre astratte 676 $a517.00 676 $a517.36 700 1$aBorel,$bArmand$045077 702 1$aLeray,$bJean 801 0$aIT$bUNINA$gRICA$2UNIMARC 901 $aBK 912 $a990000964550403321 952 $a14A-039$b4055$fFI1 959 $aFI1 996 $aCohomologie des espaces localement compacts$9262827 997 $aUNINA DB $aING01 LEADER 01261nam a22002771i 4500 001 991000452019707536 005 20030225142849.0 008 021010s1989 it |||||||||||||||||ita 035 $ab12007080-39ule_inst 035 $aARCHE-009688$9ExL 040 $aDip.to Filologia Ling. e Lett.$bita$cA.t.i. Arché s.c.r.l. Pandora Sicilia s.r.l. 082 04$a851.1 100 1 $aProcaccioli, Paolo$0162694 245 10$aFilologia ed esegesi dantesca nel Quattrocento :$bl'Inferno nel Commento sopra la Comedia di Cristoforo Landino /$cPaolo Procaccioli ; premessa di Giorgio Petrocchi 260 $aFirenze :$bL.S. Olschki,$c1989 300 $a263 p. ;$c26 cm 490 0$aBiblioteca dell'Archivum Romanicum 600 14$aAlighieri, Dante.$tDivina Commedia 650 4$aLandino, Cristoforo 907 $a.b12007080$b28-04-17$c01-04-03 912 $a991000452019707536 945 $aLE008 FL.M. VIII B 92$g1$i2008000323288$lle008$o-$pE0.00$q-$rl$s- $t0$u1$v0$w1$x0$y.i12293003$z01-04-03 945 $aLE008 FL.M. (f.r.) XXII B 220$g2$i2008000512996$lle008$o-$pE0.00$q-$rl$s- $t0$u0$v0$w0$x0$y.i12293015$z01-04-03 996 $aFilologia ed esegesi dantesca nel Quattrocento$9133897 997 $aUNISALENTO 998 $ale008$b01-04-03$cm$da $e-$fita$git $h0$i2